Ako vyzerala Danteho tvár?

Bibliographic Details
Main Author: Jendroľová, Mária (Author)
Format: Article
Language:Slovak
PhysicalDescription:Fotogr.
ISSN:1335-6550
Subjects:

MARC

LEADER 00000nab a2200000 a 4500
001 vtls008954994
003 SK-MaSNL
005 20260304135732.0
008 250505c2007 xo ||||||h| ||00 b|slo
015 |a SNBRB2007/03  |2 snkbucl 
035 |a (uuid)cbaebf1a-adc4-4c50-9936-383bf4c3aca0 
035 |a urn:nbn:sk:snk-ab1klf 
035 |a (urnnbn)urn:nbn:sk:snk:ar-004bn8 
038 |a SNKBUCL 
040 |a SNKBUCL  |b slo  |c SNKBUCL  |e AACR2 
041 0 |a slo 
044 |a xo  |c SK 
080 |a 82:929:821.131.1  |2 1997 
080 |a 821.131.1:929  |2 1997 
080 |a 7.041.5  |2 1997 
100 1 |a Jendroľová, Mária  |4 aut  |9 1121832 
245 1 0 |a Ako vyzerala Danteho tvár?  |c Mária Jendroľová 
300 |b Fotogr. 
600 0 7 |a Dante Alighieri,  |d 1265-1321  |2 snkbucl  |9 161417 
650 0 7 |a portréty  |2 snkbucl  |9 2975 
773 0 |t Historická revue  |g Roč. XVIII, č. 1 (2007), s. 51  |x 1335-6550 
850 |a Slovenská národná knižnica 
852 |a Slovenská národná knižnica 
954 |a odborná, vedecká literatúra pôvodná (slovenská)  |2 lita 
958 |a article27 
958 |a LX 
958 |a IT 
958 |a BC 
958 |a OND 
958 |a EUIPO 
999 |c 2912021  |d 2913951